| 000 | 01165cam a22001934a 4500 | ||
|---|---|---|---|
| 005 | 20250605163932.0 | ||
| 008 | 250528s ||||||||||||||||||||||||d | ||
| 035 | _a14717 | ||
| 020 | _a300000022 | ||
| 040 |
_aGR-AtMCL _bgre _dGR-AtMCL _eAACR2 |
||
| 245 | 1 | _aBecoming / Basic Considerations for a Psychology of Personality | |
| 300 | _a118 | ||
| 520 | _aA theory of psyche inclusive enough to encompass both the hopes of the 18th century and the fears of the 20th. Preface, The Case for and Against Psychology, The Lockean Tradition, The Leibnitzian Tradition, The Goal of Psychology, The Dilemma of Uniqueness, Disposition, Unsocial Beginnings, The Importance of Early Affiliation, Tribalism and Individuation, Is the Concept of Self Necessary? The Proprium, The Fusion of Propriate Functions, Critique, Chance and Opportunistic and Oriented Becoming, Motivation and Tension, Conscience, Schemata of Value, Anxiety and Culture, Freedom, Structure of Personality, The Religious Sentiment, Epilogue: Psychology and Democracy, Index. | ||
| 700 | 1 |
_aAllport Gordon W. _9460 |
|
| 942 | _cBK | ||
| 260 | _bYale University Press | ||
| 999 |
_c338 _d338 |
||